000 01311nam a2200265 i 4500
001 157936
003 ES-MaACL
005 20260214184937.0
008 020820s1887 fr |||| | fre d
040 _aCCPB | B
_bspa
_cCCPB | B
100 1 _aLombroso, Cesare,
_d1835-1909
_9242173
245 1 2 _aL'homme criminel
_b: criminel-né, fou moral, épileptique : étude anthropologique et médico-légale /
_cpar César Lombroso ; traduit sur la IVe édition italienne par Regnier et Bournet et précédé d'une préface du Ch. Létourneau.
260 _aParis :
_bancienne Librairie Germer Baillière et C\pie\s, Félix Alcan, éditeur,
_c1887 (
_eCoulommiers :
_fTyp. P. Brodard et Gallois)
300 _a2 v. ( T.I (XXIV, 682 p.) - T.II, Atlas (13 p., XXXII h. de lám.) ;
_c22 cm.
490 1 _aBibliothèque de philosophie contemporaine
650 7 _aAntropología criminal
_2embne
_99866
650 4 _aCriminología.
_9135832
700 1 _aBournet, Albert,
_d1854-1895
_9158367
700 0 _aLetourneau, Charles.
_971888
700 1 _aRegnier.
_9131665
830 0 _aBibliothèque de philosophie contemporaine
_9181027
852 _aES-MaACL
_jB-5374-75
_z-- Enc. hol.
_x-- Edic.: T.I (XXIV, 682 p.) - T.II, Atlas (13 p., XXXII h. de lám.)
999 _c157936
_d157936